Name That TNA / Impact Tag Team #2 - Statistics

General Stats
  • This quiz has been taken 80 times
  • The average score is 9 of 18
Answer Stats
Wrestlers Team Name % Correct
Angelina Love & Velvet Sky The Beautiful People
92%
Chris Harris & James Storm America's Most Wanted
88%
Santana & Ortiz LAX
82%
Ethan Page & Josh Alexander The North
63%
Wentz & Dez The Rascalz
63%
Kazarian & Christopher Daniels Bad Influence
61%
Jay Lethal & Consequences Creed Lethal Consequences
59%
BG James & Kip James The Voodoo Kin Mafia
59%
Chase Stevens & Andy Douglas The Naturals
57%
Tara & Brooke Tessmacher TnT
43%
Sarita & Rosita Mexican America
41%
Adam Thornstowe & Luster the Legend Reno Scum
39%
Acey Romero & Larry D XXXL
39%
Elix Skipper & David Young The Diamonds in the Rough
37%
Andrew Everett & Trevor Lee The Helms Dynasty
33%
Baron Dax & Basile Baraka The Tribunal
33%
Joel Maximo & Jose Maximo The S.A.T.
31%
Mayweather & Wilcox The Veterans of War
27%
No matching quizzes found
Score Distribution
Percent of People with Each Score
Percentile by Number Answered
Your Score History
You have not taken this quiz